The northern sea route and the economy of the Soviet north / (Record no. 45538)
[ view plain ]
| 000 -LEADER | |
|---|---|
| fixed length control field | 01040nam a2200277 a 4500 |
| 001 - CONTROL NUMBER | |
| control field | 45538 |
| 003 - CONTROL NUMBER IDENTIFIER | |
| rucl marc code | BD-RjUL |
| 005 - DATE AND TIME OF LATEST TRANSACTION | |
| control field | 20211209054029.0 |
| 008 - FIXED-LENGTH DATA ELEMENTS--GENERAL INFORMATION | |
| fixed length control field | 160726s1956 nek 00010 eng d |
| 035 ## - SYSTEM CONTROL NUMBER | |
| System control number | (BD-RjUL)45656 |
| System control number | 433206 |
| 040 ## - CATALOGING SOURCE | |
| Original cataloging agency | ANL |
| Language of cataloging | eng |
| Modifying agency | ANL |
| Transcribing agency | BD-RjUL |
| 041 ## - LANGUAGE CODE | |
| Language code of text/sound track or separate title | eng |
| 082 0# - DEWEY DECIMAL CLASSIFICATION NUMBER | |
| Edition number | 20 |
| Classification number | 330.9472 |
| Author mark and year | KRN 1956 |
| 100 1# - MAIN ENTRY--PERSONAL NAME | |
| Personal name | Krypton, Constantine, |
| 9 (RLIN) | 139398 |
| 245 14 - TITLE STATEMENT | |
| Title | The northern sea route and the economy of the Soviet north / |
| Statement of responsibility, etc. | by Constantine Krypton. |
| 260 ## - PUBLICATION, DISTRIBUTION, ETC. (IMPRINT) | |
| Place of publication, distribution, etc. | London : |
| Name of publisher, distributor, etc. | Methuen & Co. , |
| Date of publication, distribution, etc. | 1956. |
| 300 ## - PHYSICAL DESCRIPTION | |
| Pagination | ix, 219 p.: |
| Illustrations | map ; |
| Size | 22 cm. |
| 490 0# - SERIES STATEMENT | |
| Series statement | Research programme on the U.S.S.R.: Studies ; |
| Volume/sequential designation | no.14 |
| 500 ## - GENERAL NOTE | |
| General note | Praeger publications in Russian history and world communism, no.42. |
| General note | A continuation of The northern sea route: its place in Russian economic history *** 1917. |
| 651 #0 - SUBJECT ADDED ENTRY--GEOGRAPHIC NAME | |
| Geographic name | Northeast Passage |
| General subdivision | Economic aspects. |
| 9 (RLIN) | 139399 |
| Geographic name | Russia, Northern |
| General subdivision | Economic conditions. |
| 9 (RLIN) | 139400 |
| Geographic name | Siberia (Russia) |
| General subdivision | Economic conditions. |
| 9 (RLIN) | 139401 |
| 942 ## - ADDED ENTRY ELEMENTS (KOHA) | |
| Source of classification or shelving scheme | Dewey Decimal Classification |
| Koha item type | Books |
| Lost status | Source of classification or shelving scheme | Damaged status | Not for loan | Collection code | Permanent Location | Current Location | Shelving location | Date acquired | Source of acquisition | Cost, normal purchase price | Total Checkouts | Full call number | Date last seen | Copy number | Koha item type |
|---|---|---|---|---|---|---|---|---|---|---|---|---|---|---|---|
| Dewey Decimal Classification | Non-fiction | Central Library, University of Rajshahi | Central Library, University of Rajshahi | 05/09/1957 | B.H. Blackwell | 1.10 | 330.9472 KRN 1956 | 26/07/2016 | C-2 | Books |